000
00244nam a22001097a 4500
041
_a
ENG
245
_a
Specification For Groundut Planter
260
_a
New Delhi
_b
ISI
_c
1985
300
_a
120
650
_a
BIS Test Code
856
_u
BIS Test Code
999
_c
2029
_d
2029